Viplavathinte veeraputhranmar (വിപ്ലവത്തിന്റെ വീരപുത്രന്മാർ) (Record no. 90990)

MARC details
000 -LEADER
fixed length control field a
005 - DATE AND TIME OF LATEST TRANSACTION
control field 20190629141557.0
008 - FIXED-LENGTH DATA ELEMENTS--GENERAL INFORMATION
fixed length control field 190624b ||||| |||| 00| 0 eng d
020 ## - INTERNATIONAL STANDARD BOOK NUMBER
International Standard Book Number 9789386364234
080 ## - UNIVERSAL DECIMAL CLASSIFICATION NUMBER
Universal Decimal Classification number 89M-2
Item number MUR
100 ## - MAIN ENTRY--PERSONAL NAME
Personal name Murali Pirappancode
245 ## - TITLE STATEMENT
Title Viplavathinte veeraputhranmar (വിപ്ലവത്തിന്റെ വീരപുത്രന്മാർ)
Remainder of title Pirappancodinte rashtrea nadakangal (പിരപ്പൻകോടിന്റെ രാഷ്ട്രീയ നാടകങ്ങൾ )
260 ## - PUBLICATION, DISTRIBUTION, ETC. (IMPRINT)
Name of publisher, distributor, etc Chintha
Place of publication, distribution, etc Thiruvananthapuram
Date of publication, distribution, etc 2017
300 ## - PHYSICAL DESCRIPTION
Extent 632p.
653 ## - INDEX TERM--UNCONTROLLED
Uncontrolled term Drama- Malayalam Literature
942 ## - ADDED ENTRY ELEMENTS (KOHA)
item type Books
Holdings
Lost status Source of classification or shelving scheme Not for loan Home library Current library Date acquired Cost, normal purchase price Total Checkouts Full call number Barcode Date last seen Cost, replacement price Price effective from Koha item type
  Universal Decimal Classification   University Library University Library 27/02/2018 0.00   89M-2 MUR 00080296 27/02/2018 0.00 27/02/2018 Books
University Library, CUSAT